Mergers, acquisitions and corporate restructuring / (Record no. 8919)
[ view plain ]
| 000 -LEADER | |
|---|---|
| fixed length control field | 00794cam a2200217 a 4500 |
| 001 - CONTROL NUMBER | |
| control field | 15035166 |
| 005 - DATE AND TIME OF LATEST TRANSACTION | |
| control field | 20260311122242.0 |
| 008 - FIXED-LENGTH DATA ELEMENTS--GENERAL INFORMATION | |
| fixed length control field | 071005s2008 caua b 001 0 eng |
| 020 ## - INTERNATIONAL STANDARD BOOK NUMBER | |
| International Standard Book Number | 9780761935865 |
| Qualifying information | pbk. |
| 050 00 - LIBRARY OF CONGRESS CALL NUMBER | |
| Classification number | HG4028.M4 |
| Item number | M456 2008 |
| 082 00 - DEWEY DECIMAL CLASSIFICATION NUMBER | |
| Classification number | 658.1/6 |
| Edition information | 22 |
| 245 00 - TITLE STATEMENT | |
| Title | Mergers, acquisitions and corporate restructuring / |
| Statement of responsibility, etc. | edited by Chandrashekar Krishnamurti, Vishwanath S.R. |
| 260 ## - PUBLICATION, DISTRIBUTION, ETC. | |
| Place of publication, distribution, etc. | Los Angeles : |
| Name of publisher, distributor, etc. | Response Books, |
| Date of publication, distribution, etc. | 2008. |
| 300 ## - PHYSICAL DESCRIPTION | |
| Extent | x, 412 p. : |
| Other physical details | ill. ; |
| Dimensions | 22 cm. |
| 650 #0 - SUBJECT ADDED ENTRY--TOPICAL TERM | |
| Topical term or geographic name entry element | Consolidation and merger of corporations. |
| 650 #0 - SUBJECT ADDED ENTRY--TOPICAL TERM | |
| Topical term or geographic name entry element | Corporate reorganizations. |
| 700 1# - ADDED ENTRY--PERSONAL NAME | |
| Personal name | Vishwanath, S. R., |
| Dates associated with a name | 1971- |
| 700 1# - ADDED ENTRY--PERSONAL NAME | |
| Personal name | Krishnamurti, Chandrashekar, |
| Dates associated with a name | 1956- |
| 856 41 - ELECTRONIC LOCATION AND ACCESS | |
| Materials specified | Table of contents only |
| Uniform Resource Identifier | <a href="http://www.loc.gov/catdir/toc/ecip082/2007041465.html">http://www.loc.gov/catdir/toc/ecip082/2007041465.html</a> |
| 942 ## - ADDED ENTRY ELEMENTS (KOHA) | |
| Source of classification or shelving scheme | Library of Congress Classification |
| Koha item type | Books |
| Suppress in OPAC | No |
| 999 ## - | |
| -- | 8919 |
| -- | 8919 |
| Withdrawn status | Lost status | Source of classification or shelving scheme | Damaged status | Not for loan | Collection | Home library | Current library | Shelving location | Date acquired | Total checkouts | Full call number | Barcode | Date last seen | Copy number | Price effective from | Koha item type |
|---|---|---|---|---|---|---|---|---|---|---|---|---|---|---|---|---|
| Library of Congress Classification | Non-fiction | Graduate Library (Christ Temple) | Graduate Library (Christ Temple) | General stacks | 03/11/2026 | HG4028.M.M44 MER | GSCT00003117 | 03/11/2026 | 1 | 03/11/2026 | Books | |||||
| Library of Congress Classification | Non-fiction | Graduate Library (Christ Temple) | Graduate Library (Christ Temple) | General stacks | 03/11/2026 | HG4028.M.M44 MER | GSCT00003118 | 03/11/2026 | 2 | 03/11/2026 | Books | |||||
| Library of Congress Classification | Non-fiction | Graduate Library (Christ Temple) | Graduate Library (Christ Temple) | General stacks | 03/11/2026 | HG4028.M.M44 MER | GSCT00003119 | 03/11/2026 | 3 | 03/11/2026 | Books | |||||
| Library of Congress Classification | Non-fiction | Graduate Library (Christ Temple) | Graduate Library (Christ Temple) | General stacks | 03/11/2026 | HG4028.M.M44 MER | GSCT00003120 | 03/11/2026 | 4 | 03/11/2026 | Books | |||||
| Library of Congress Classification | Non-fiction | Graduate Library (Christ Temple) | Graduate Library (Christ Temple) | General stacks | 03/11/2026 | HG4028.M.M44 MER | GSCT00003121 | 03/11/2026 | 5 | 03/11/2026 | Books |